| 000 | 00707nam a2200277 a 4500 | ||
|---|---|---|---|
| 003 | AR-BaBNM | ||
| 005 | 20251128203434.0 | ||
| 008 | 082120s2002 ||||||||||||||000 | spa|| | ||
| 040 | _cAR-BaBNM | ||
| 100 | 1 | _aTorres-Ríoseco, Arturo | |
| 245 | 0 | 0 | _aVida y poesía de Rubén Darío |
| 260 |
_aBuenos Aires _bEmecé _c1944 |
||
| 300 |
_a351 p. _bil. |
||
| 490 | 0 | _aLos libros evocadores | |
| 650 | 4 | _aVIDA LITERARIA | |
| 650 | 4 | _aANALISIS LITERARIO | |
| 650 | 4 | _aCRITICA LITERARIA | |
| 650 | 4 | _aBIOGRAFIAS | |
| 650 | 4 | _aANTOLOGIAS | |
| 650 | 4 | _aCOMPOSICION LITERARIA | |
| 653 | _aLITERATURA NICARAGÜENSE | ||
| 653 | _aMODERNISMO | ||
| 655 | _aBIOGRAFIAS | ||
| 942 | _cBK | ||
| 998 | _cMARTIN | ||
| 999 |
_c3399 _d3399 |
||